The life and times of Veer Savarkar / (Record no. 101081)

MARC details
000 -LEADER
fixed length control field 00465nam a22001697a 4500
005 - DATE AND TIME OF LATEST TRANSACTION
control field 20160630103540.0
010 ## - LCCN (DPL NO)
LC control number ENG-115291
020 ## - INTERNATIONAL STANDARD BOOK NUMBER
International Standard Book Number 9789351865100
Terms of availability 250.00
035 ## - SYSTEM CONTROL NUMBER
System control number EN-98823
037 ## - SOURCE OF ACQUISITION
Source of stock number/acquisition DBAD/PUB
100 ## - MAIN ENTRY--PERSONAL NAME
Personal name Gandhi,A.K.
245 ## - TITLE STATEMENT
Title The life and times of Veer Savarkar /
Statement of responsibility, etc by A.K. Gandhi
260 ## - PUBLICATION, DISTRIBUTION, ETC. (IMPRINT)
Place of publication, distribution, etc New Delhi
Name of publisher, distributor, etc Prabhat Prakashan
Date of publication, distribution, etc 2016
270 ## - ADDRESS
Address 4/19,Asaf Ali Road
City New Delhi
Postal code 110002
300 ## - PHYSICAL DESCRIPTION
Extent 150p.
Dimensions 22cm(Hb)
942 ## - ADDED ENTRY ELEMENTS (KOHA)
Source of classification or shelving scheme Dewey Decimal Classification
Item type English Books
Call number suffix GAN
Holdings
Withdrawn status Lost status Not for loan Collection code Home library Current library Date acquired Source of acquisition Cost, normal purchase price Full call number Barcode Copy number Cost, replacement price Koha item type
    Not For Loan Non-fiction D.B.Act.Division D.B.Act.Division 30/06/2016 DBAD/PUB 250.00 GAN ENG-98823 1 250.00 English Books

© Delhi Public Library
Hit Counter
free hit counter